[Event "Cearense-ch 69th"]
[Site "Fortaleza"]
[Date "2000.10.14"]
[Round "7"]
[White "Nicolau de Araujo, Jose"]
[Black "Vieira da Paixao, Irineu"]
[Result "1-0"]
[WhiteElo "1968"]
[BlackElo "1803"]
[PlyCount "41"]
[EventDate "2000.??.??"]
[EventType "swiss"]
[EventRounds "9"]
[EventCountry "BRA"]
[SourceTitle "EXT 2003"]
[Source "ChessBase"]
[SourceDate "2002.11.25"]
[SourceVersion "1"]
[SourceVersionDate "2002.11.25"]
[SourceQuality "1"]

1. e4 e6 2. c4 c5 3. Nc3 Nc6 4. Nf3 Nf6 5. Be2 Nd4 6. 0-0 Bd6 7. Re1 h5 8. e5 Nxf3+ 9. Bxf3 Bc7 10. exf6 gxf6 11. d4 h4 12. h3 cxd4 13. Qxd4 Qe7 14. Nd5 Qd6 15. Nxc7+ Qxc7 16. Qxf6 Rg8 17. Bg5 Rxg5 18. Qxg5 d6 19. Bh5 Qe7 20. Qg8+ Qf8 21. Bxf7+ 1-0

[Event "Cearense-ch 69th"]
[Site "Fortaleza"]
[Date "2000.09.24"]
[Round "2"]
[White "Possidonio AT, Neto Vicente"]
[Black "Nicolau de Araujo, Jose"]
[Result "1/2-1/2"]
[WhiteElo "1842"]
[BlackElo "1968"]
[PlyCount "92"]
[EventDate "2000.??.??"]
[EventType "swiss"]
[EventRounds "9"]
[EventCountry "BRA"]
[SourceTitle "EXT 2003"]
[Source "ChessBase"]
[SourceDate "2002.11.25"]
[SourceVersion "1"]
[SourceVersionDate "2002.11.25"]
[SourceQuality "1"]

1. Nf3 d5 2. b3 c5 3. Bb2 Nc6 4. g3 Nf6 5. Bg2 Bf5 6. Nh4 Bg6 7. Nxg6 hxg6 8. d3 e6 9. Nd2 Bd6 10. c4 Be5 11. Qc2 Qc7 12. a3 Nd4 13. Qc1 Rc8 14. e3 Nf5 15. Bxe5 Qxe5 16. Nf3 Qc7 17. Qb2 0-0 18. 0-0 Rfd8 19. Rfd1 b6 20. Rd2 d4 21. e4 Ne7 22. b4 Nc6 23. b5 Ne5 24. Nxe5 Qxe5 25. f4 Qh5 26. h3 g5 27. e5 Nd7 28. Rf2 gxf4 29. gxf4 Nf8 30. Kh2 Ng6 31. Bf3 Qh4 32. Bg4 Ne7 33. Rg1 g6 34. Qd2 Kg7 35. Rfg2 Rh8 36. Rg3 Rh6 37. Qg2 Rch8 38. a4 f5 39. exf6+ Kxf6 40. Re1 Nf5 41. Bxf5 gxf5 42. Qf3 R8h7 43. Reg1 Qh5 44. Qg2 Qf7 45. Qc6 Qc7 46. Qxc7 Rxc7 1/2-1/2

[Event "BNB-ch 15th"]
[Site "Brazil"]
[Date "2000.07.06"]
[Round "6"]
[White "Nicolau de Araujo, Jose"]
[Black "Lima Neto, Pedro"]
[Result "1/2-1/2"]
[WhiteElo "1933"]
[BlackElo "2014"]
[PlyCount "36"]
[EventDate "2000.??.??"]
[EventType "swiss"]
[EventRounds "7"]
[EventCountry "BRA"]
[SourceTitle "EXT 2003"]
[Source "ChessBase"]
[SourceDate "2002.11.25"]
[SourceVersion "1"]
[SourceVersionDate "2002.11.25"]
[SourceQuality "1"]

1. e4 e6 2. d4 d5 3. exd5 exd5 4. Nf3 Bg4 5. Be2 Bd6 6. c3 c6 7. Bg5 Qb6 8. Qb3 Nd7 9. Nbd2 Ngf6 10. Bxf6 Nxf6 11. Qxb6 axb6 12. 0-0 0-0 13. Bd3 Rfe8 14. a3 Re7 15. Rfe1 Rae8 16. h3 Bd7 17. Rxe7 Rxe7 18. Re1 Rxe1+ 1/2-1/2

[Event "BNB-ch 15th"]
[Site "Brazil"]
[Date "2000.07.04"]
[Round "4"]
[White "Montenegro, Quintino"]
[Black "Nicolau de Araujo, Jose"]
[Result "0-1"]
[WhiteElo "1967"]
[BlackElo "1933"]
[PlyCount "42"]
[EventDate "2000.??.??"]
[EventType "swiss"]
[EventRounds "7"]
[EventCountry "BRA"]
[SourceTitle "EXT 2003"]
[Source "ChessBase"]
[SourceDate "2002.11.25"]
[SourceVersion "1"]
[SourceVersionDate "2002.11.25"]
[SourceQuality "1"]

1. Nf3 d5 2. b3 c5 3. Bb2 Nc6 4. e3 Nf6 5. d4 Bg4 6. Be2 e6 7. Nbd2 Be7 8. 0-0 0-0 9. Rc1 Rc8 10. Re1 cxd4 11. exd4 Bd6 12. Ne5 Bf5 13. g4 Bg6 14. Nxg6 hxg6 15. Bf3 Bf4 16. c3 Nh7 17. Rc2 Qh4 18. Nf1 Ng5 19. Ng3 Nxd4 20. cxd4 Rxc2 21. Qxc2 Nxf3+ 0-1

[Event "Fortaleza Capablanca op"]
[Site "Fortaleza"]
[Date "2000.??.??"]
[Round "?"]
[White "Capiberibe, Andre"]
[Black "Nicolau de Araujo, Jose"]
[Result "0-1"]
[WhiteElo "1955"]
[BlackElo "1980"]
[PlyCount "54"]
[EventDate "2000.??.??"]
[EventType "swiss"]
[EventRounds "7"]
[EventCountry "BRA"]
[SourceTitle "EXT 2003"]
[Source "ChessBase"]
[SourceDate "2002.11.25"]
[SourceVersion "1"]
[SourceVersionDate "2002.11.25"]
[SourceQuality "1"]

1. e4 e5 2. Bc4 Nc6 3. Nf3 Nf6 4. Ng5 d5 5. exd5 Na5 6. d3 Bg4 7. f3 Bd7 8. Qe2 Bd6 9. Ne4 b5 10. Bb3 Nxb3 11. axb3 Nxd5 12. Be3 0-0 13. Rxa7 Rxa7 14. Bxa7 Nf4 15. Qf2 Bb4+ 16. Nbd2 f5 17. Bc5 fxe4 18. Bxb4 e3 19. Qg3 exd2+ 20. Bxd2 Qa8 21. Kf2 Bc6 22. Re1 Nxg2 23. Qxg2 Rxf3+ 24. Kg1 Qa7+ 25. Kh1 Qf2 26. Rg1 Qxg2+ 27. Kxg2 Rxd3+ 0-1

[Event "Fortaleza Capablanca op"]
[Site "Fortaleza"]
[Date "2000.??.??"]
[Round "?"]
[White "Montenegro, Quintino"]
[Black "Nicolau de Araujo, Jose"]
[Result "1/2-1/2"]
[WhiteElo "1930"]
[BlackElo "1980"]
[PlyCount "31"]
[EventDate "2000.??.??"]
[EventType "swiss"]
[EventRounds "7"]
[EventCountry "BRA"]
[SourceTitle "EXT 2003"]
[Source "ChessBase"]
[SourceDate "2002.11.25"]
[SourceVersion "1"]
[SourceVersionDate "2002.11.25"]
[SourceQuality "1"]

1. c4 e5 2. Nc3 Nf6 3. g3 Nc6 4. Bg2 a6 5. Nf3 h6 6. 0-0 d6 7. d4 e4 8. Nd2 Nxd4 9. Ndxe4 Nxe4 10. Nxe4 Nc6 11. b3 f5 12. Nc3 Be7 13. Bb2 Bf6 14. e4 0-0 15. Qd2 fxe4 16. Nxe4 1/2-1/2

[Event "Fortaleza Capablanca op"]
[Site "Fortaleza"]
[Date "2000.??.??"]
[Round "?"]
[White "Nicolau de Araujo, Jose"]
[Black "Da Fonseca, LE."]
[Result "1/2-1/2"]
[WhiteElo "1980"]
[BlackElo "1900"]
[PlyCount "27"]
[EventDate "2000.??.??"]
[EventType "swiss"]
[EventRounds "7"]
[EventCountry "BRA"]
[SourceTitle "EXT 2003"]
[Source "ChessBase"]
[SourceDate "2002.11.25"]
[SourceVersion "1"]
[SourceVersionDate "2002.11.25"]
[SourceQuality "1"]

1. e4 c5 2. Nf3 Nc6 3. d4 cxd4 4. Nxd4 Nf6 5. Nc3 e6 6. Ndb5 Bb4 7. Nd6+ Ke7 8. Nxc8+ Rxc8 9. Bd3 Qa5 10. 0-0 h5 11. Ne2 h4 12. c3 Bd6 13. b4 Nxb4 14. cxb4 1/2-1/2

[Event "Fortaleza Capablanca op"]
[Site "Fortaleza"]
[Date "2000.??.??"]
[Round "?"]
[White "Sampaio, Wellington"]
[Black "Nicolau de Araujo, Jose"]
[Result "1/2-1/2"]
[WhiteElo "1985"]
[BlackElo "1980"]
[PlyCount "79"]
[EventDate "2000.??.??"]
[EventType "swiss"]
[EventRounds "7"]
[EventCountry "BRA"]
[SourceTitle "EXT 2003"]
[Source "ChessBase"]
[SourceDate "2002.11.25"]
[SourceVersion "1"]
[SourceVersionDate "2002.11.25"]
[SourceQuality "1"]

1. e4 e5 2. Nf3 Nc6 3. Bb5 Bc5 4. c3 Nf6 5. 0-0 Nxe4 6. d4 Be7 7. Qe2 Nd6 8. Bxc6 bxc6 9. dxe5 Nb7 10. Nbd2 0-0 11. b3 d5 12. Nd4 c5 13. Nc6 Qd7 14. Nxe7+ Qxe7 15. Re1 Re8 16. Qd3 c6 17. Nf3 h6 18. h3 Nd8 19. Bf4 Ne6 20. Bg3 a5 21. Nh4 g6 22. Qe3 h5 23. f4 Ng7 24. Bf2 Nf5 25. Nxf5 Bxf5 26. Qxc5 Qxc5 27. Bxc5 a4 28. Kf2 Bc2 29. b4 Bf5 30. Ke3 Kg7 31. h4 Rab8 32. Kd4 Rb5 33. c4 dxc4 34. Kxc4 Be6+ 35. Kc3 Rd8 36. Re2 Rd5 37. Rd2 Rxd2 38. Kxd2 f6 39. a3 fxe5 40. fxe5 1/2-1/2

[Event "Cearense-ch 67th"]
[Site "Fortaleza"]
[Date "1998.??.??"]
[Round "6"]
[White "De Souza, Airton Ferreira"]
[Black "Nicolau de Araujo, Jose"]
[Result "1/2-1/2"]
[WhiteElo "2035"]
[BlackElo "1931"]
[PlyCount "70"]
[EventDate "1998.??.??"]
[EventType "swiss"]
[EventRounds "7"]
[EventCountry "BRA"]
[SourceTitle "EXT 2003"]
[Source "ChessBase"]
[SourceDate "2002.11.25"]
[SourceVersion "1"]
[SourceVersionDate "2002.11.25"]
[SourceQuality "1"]

1. e4 e5 2. Nf3 Nf6 3. Nxe5 d6 4. Nf3 Nxe4 5. d4 d5 6. Bd3 Bd6 7. 0-0 0-0 8. c4 c6 9. cxd5 cxd5 10. Nc3 Re8 11. h3 Nxc3 12. bxc3 h6 13. Rb1 Nc6 14. Bd2 Qf6 15. Rb5 a6 16. Rxd5 Bf8 17. Rh5 b5 18. Rh4 g5 19. Re4 Bf5 20. Rxe8 Rxe8 21. Qc2 Bxh3 22. Nxg5 Bxg2 23. Kxg2 hxg5 24. Bh7+ Kh8 25. Rh1 Bh6 26. Be3 Kg7 27. Qf5 Qxf5 28. Bxf5 Ne7 29. Bd3 Nd5 30. Bd2 Rc8 31. Rc1 g4 32. Bxh6+ Kxh6 33. Be4 Nxc3 34. Bb7 Rc7 35. Bxa6 Ra7 1/2-1/2